[Event "Mislata op-B 51st"]
[Site "Mislata"]
[Date "2017.08.08"]
[Round "2"]
[White "Sampedro Goig, Jose"]
[Black "Orosa Martinez, Victor"]
[Result "0-1"]
[WhiteElo "2056"]
[BlackElo "1969"]
[PlyCount "66"]
[EventDate "2017.08.07"]
[EventType "swiss"]
[EventRounds "9"]
[EventCountry "ESP"]
[SourceTitle "EXT 2019"]
[Source "ChessBase"]
[SourceDate "2018.10.10"]
[SourceVersion "1"]
[SourceVersionDate "2018.10.10"]
[SourceQuality "1"]

1. e4 e5 2. Nf3 Nc6 3. Bb5 a6 4. Ba4 Nf6 5. 0-0 b5 6. Bb3 Bc5 7. c3 d6 8. a4 Rb8 9. axb5 axb5 10. d4 Bb6 11. Na3 Bg4 12. Be3 0-0 13. Qd3 Bxf3 14. gxf3 Nh5 15. Nxb5 Qf6 16. Kg2 Ne7 17. Rg1 Ng6 18. Kf1 Nhf4 19. Qc4 Kh8 20. Ke1 exd4 21. cxd4 c5 22. e5 dxe5 23. dxc5 Nh4 24. Rg3 Nfg2+ 25. Ke2 Nxe3 26. fxe3 Nf5 27. cxb6 Qxb6 28. f4 exf4 29. Rh3 Qg6 30. Kf3 Nxe3 31. Qe2 Qg4+ 32. Kf2 Qxh3 33. Ra5 Rbe8 0-1

[Event "Quart de Poblet op 4th"]
[Site "Quart de Poblet"]
[Date "2016.09.02"]
[Round "3"]
[White "Orosa Martinez, Victor"]
[Black "Sanchez Jerez, Emilio Miguel"]
[Result "0-1"]
[WhiteElo "2047"]
[BlackElo "2239"]
[PlyCount "62"]
[EventDate "2016.09.01"]
[EventType "swiss"]
[EventRounds "7"]
[EventCountry "ESP"]
[SourceTitle "EXT 2024"]
[Source "ChessBase"]
[SourceDate "2023.10.10"]
[SourceVersion "1"]
[SourceVersionDate "2023.10.10"]
[SourceQuality "1"]

1. d4 d6 2. e4 e5 3. Nf3 exd4 4. Nxd4 Nf6 5. Nc3 Be7 6. Bf4 0-0 7. Qd2 Nc6 8. 0-0-0 Nxd4 9. Qxd4 a6 10. f3 b5 11. g4 c5 12. Qd2 b4 13. Nd5 Nxd5 14. exd5 a5 15. h4 a4 16. g5 b3 17. cxb3 axb3 18. a3 Bf5 19. Bd3 Qd7 20. Rhe1 Bd8 21. Re4 Bxe4 22. Bxe4 c4 23. Qh2 Ra6 24. Bd2 Ba5 25. Bxa5 Rxa5 26. Qd2 c3 27. Qd3 g6 28. h5 Rc8 29. h6 cxb2+ 30. Kb1 Qa4 31. Qd4 Rc1+ 0-1

[Event "Mislata op 50th"]
[Site "Mislata"]
[Date "2016.08.09"]
[Round "3"]
[White "Orosa Martinez, Victor"]
[Black "Reig Albero, Ferran"]
[Result "1-0"]
[WhiteElo "2085"]
[BlackElo "1993"]
[PlyCount "69"]
[EventDate "2016.08.08"]
[EventType "swiss"]
[EventRounds "9"]
[EventCountry "ESP"]
[SourceTitle "EXT 2017"]
[Source "ChessBase"]
[SourceDate "2016.10.25"]
[SourceVersion "1"]
[SourceVersionDate "2016.10.25"]
[SourceQuality "1"]

1. d4 Nf6 2. Bg5 e6 3. e4 h6 4. Bxf6 Qxf6 5. c3 d6 6. Bd3 Nc6 7. Ne2 Bd7 8. 0-0 g5 9. Nd2 h5 10. a4 Bh6 11. a5 g4 12. a6 b6 13. f4 gxf3 14. Rxf3 Qg5 15. Nc4 h4 16. Qf1 0-0-0 17. Nf4 Rhg8 18. Kh1 Rg7 19. Nh3 Qh5 20. Be2 Qg6 21. Rf6 Qh7 22. e5 dxe5 23. Nxe5 Nxe5 24. dxe5 Be8 25. Qf3 c6 26. Rd1 Rxd1+ 27. Bxd1 Bg5 28. Nxg5 Rxg5 29. Qe3 Qb1 30. Rf1 Rf5 31. Re1 Qxb2 32. Bf3 Qb5 33. Qd4 h3 34. Rd1 hxg2+ 35. Bxg2 1-0

[Event "Valencia Region-ch"]
[Site "Valencia"]
[Date "2015.11.14"]
[Round "6.4"]
[White "Orosa Martinez, Victor"]
[Black "Rubio Tent, Francisco"]
[Result "1/2-1/2"]
[WhiteElo "2119"]
[BlackElo "2107"]
[PlyCount "145"]
[EventDate "2015.10.03"]
[EventType "swiss"]
[EventRounds "7"]
[EventCountry "ESP"]
[SourceTitle "EXT 2024"]
[Source "ChessBase"]
[SourceDate "2023.10.10"]
[SourceVersion "1"]
[SourceVersionDate "2023.10.10"]
[SourceQuality "1"]

1. e4 d5 2. exd5 Qxd5 3. Nc3 Qd6 4. d4 Nf6 5. Nf3 c6 6. Ne5 Nbd7 7. Nc4 Qc7 8. Qf3 Nb6 9. Bf4 Qd7 10. 0-0-0 Qg4 11. Qxg4 Bxg4 12. f3 Be6 13. Nxb6 axb6 14. Kb1 b5 15. a3 Nd5 16. Nxd5 Bxd5 17. Bd3 Ra4 18. Be4 e6 19. Bxd5 cxd5 20. c3 Be7 21. h4 h5 22. Kc2 Kd7 23. Rde1 Raa8 24. Kd3 Rae8 25. Re2 Bd8 26. Bg3 Rhg8 27. Kc2 g6 28. Kd3 Bf6 29. Kc2 Bg7 30. Rhe1 Re7 31. Kd3 Rge8 32. Bh2 f6 33. f4 Bf8 34. Bg3 Rg7 35. Bh2 Bd6 36. Rh1 Bc7 37. Kc2 Bb8 38. Kd3 Bd6 39. Kc2 Reg8 40. Kd2 g5 41. fxg5 Bxh2 42. Rxh2 fxg5 43. hxg5 Rxg5 44. g3 Rf8 45. Rh4 Ke7 46. Reh2 Rff5 47. Rg2 b6 48. Ke2 Kd6 49. Rg1 Rg6 50. g4 hxg4 51. Rhxg4 Rgf6 52. R4g2 e5 53. dxe5+ Rxe5+ 54. Kd2 Kc5 55. Re1 Ref5 56. Kc2 d4 57. cxd4+ Kxd4 58. Rd2+ Kc5 59. Re4 Kc6 60. Red4 Rc5+ 61. Kb3 Rf3+ 62. R4d3 Rf6 63. Rd8 Rf3+ 64. R8d3 Rxd3+ 65. Rxd3 Rc4 66. Rc3 Kc5 67. Rxc4+ bxc4+ 68. Kc3 b5 69. b3 cxb3 70. Kxb3 Kb6 71. Kb4 Ka6 72. a4 bxa4 73. Kxa4 1/2-1/2

[Event "Quart de Poblet op 3rd"]
[Site "Quart de Poblet"]
[Date "2015.07.19"]
[Round "4.2"]
[White "Orosa Martinez, Victor"]
[Black "Cruz Lledo, Pablo"]
[Result "1/2-1/2"]
[WhiteElo "2093"]
[BlackElo "2299"]
[PlyCount "106"]
[EventDate "2015.07.18"]
[EventType "swiss"]
[EventRounds "7"]
[EventCountry "ESP"]
[SourceTitle "EXT 2024"]
[Source "ChessBase"]
[SourceDate "2023.10.10"]
[SourceVersion "1"]
[SourceVersionDate "2023.10.10"]
[SourceQuality "1"]

1. d4 d5 2. Bg5 g6 3. c4 dxc4 4. e3 Bg7 5. Bxc4 Nf6 6. Nc3 0-0 7. Nf3 c5 8. 0-0 cxd4 9. exd4 Bg4 10. h3 Bxf3 11. Qxf3 Nc6 12. d5 Ne5 13. Qe2 Nxc4 14. Qxc4 Rc8 15. Qb3 Qd7 16. Rad1 b6 17. Rfe1 Rfd8 18. d6 e6 19. Ne4 Nxe4 20. Rxe4 Re8 21. h4 h5 22. Qa4 b5 23. Qb4 Rc2 24. Rd2 Rxd2 25. Bxd2 e5 26. Bc3 Re6 27. Qc5 f6 28. Rb4 a6 29. a4 Qxd6 30. Qc8+ Kh7 31. axb5 axb5 32. Rxb5 e4 33. Rb7 e3 34. Qd7 Qxd7 35. Rxd7 e2 36. Be1 g5 37. hxg5 fxg5 38. f3 Kg6 39. Rd2 Bf8 40. Rc2 Bg7 41. Rd2 g4 42. Kf2 gxf3 43. Kxf3 Rb6 44. Rxe2 Bxb2 45. Re4 Bc1 46. Rc4 Rf6+ 47. Kg3 Bg5 48. Bc3 Re6 49. Kf3 h4 50. Kg4 Be7 51. g3 hxg3 52. Kxg3 Bf6 53. Bxf6 Kxf6 1/2-1/2

[Event "Quart de Poblet op 3rd"]
[Site "Quart de Poblet"]
[Date "2015.07.18"]
[Round "2.10"]
[White "Orosa Martinez, Victor"]
[Black "Fernandez Garcia, Olmo"]
[Result "1-0"]
[WhiteElo "2093"]
[BlackElo "1813"]
[PlyCount "63"]
[EventDate "2015.07.18"]
[EventType "swiss"]
[EventRounds "7"]
[EventCountry "ESP"]
[SourceTitle "EXT 2024"]
[Source "ChessBase"]
[SourceDate "2023.10.10"]
[SourceVersion "1"]
[SourceVersionDate "2023.10.10"]
[SourceQuality "1"]

1. d4 d5 2. Bg5 Bf5 3. Nf3 h6 4. Bh4 c6 5. e3 Nf6 6. c4 Nbd7 7. Nc3 e6 8. Qb3 Qc7 9. Bg3 Qb6 10. c5 Qxb3 11. axb3 Be7 12. b4 0-0 13. b5 Nh5 14. bxc6 bxc6 15. b4 Nxg3 16. hxg3 Bf6 17. Ra3 Rfb8 18. b5 cxb5 19. Nxb5 a5 20. Be2 a4 21. 0-0 Nxc5 22. dxc5 Bb2 23. Ra2 a3 24. Nfd4 Ra5 25. c6 Bxd4 26. exd4 e5 27. c7 Rbxb5 28. Bxb5 Rxb5 29. Rxa3 exd4 30. Ra8+ Kh7 31. c8Q Bxc8 32. Rxc8 1-0

[Event "Almansa op 6th"]
[Site "Almansa"]
[Date "2011.08.09"]
[Round "1"]
[White "Orosa Martinez, Victor"]
[Black "Chueca Forcen, Alberto"]
[Result "0-1"]
[WhiteElo "2100"]
[BlackElo "2323"]
[PlyCount "48"]
[EventDate "2011.08.09"]
[EventType "swiss"]
[EventRounds "9"]
[EventCountry "ESP"]
[SourceTitle "CBM 144 Extra"]
[Source "ChessBase"]
[SourceDate "2011.10.28"]
[SourceVersion "1"]
[SourceVersionDate "2011.10.28"]
[SourceQuality "1"]

1. d4 d5 2. c4 dxc4 3. e4 Nf6 4. Nc3 e5 5. d5 c6 6. Bg5 h6 7. Bxf6 Qxf6 8. Bxc4 b5 9. Bb3 b4 10. Nb1 Qg6 11. Qf3 Be7 12. Nd2 0-0 13. Ne2 Bb7 14. Nc4 cxd5 15. Na5 dxe4 16. Qg3 Qb6 17. Nxb7 Nc6 18. 0-0 Qxb7 19. Rac1 Bg5 20. Rc2 Nd4 21. Nxd4 exd4 22. Rc7 Qb6 23. Bd5 Rae8 24. Rc6 Qb5 0-1

[Event "Mislata op 43rd"]
[Site "Mislata"]
[Date "2009.08.25"]
[Round "2"]
[White "Orosa Martinez, Victor"]
[Black "Alonso Moyano, Jonathan"]
[Result "0-1"]
[WhiteElo "2054"]
[BlackElo "2365"]
[PlyCount "67"]
[EventDate "2009.08.24"]
[EventType "swiss"]
[EventRounds "9"]
[EventCountry "ESP"]
[SourceTitle "CBM 131 Extra"]
[Source "ChessBase"]
[SourceDate "2009.09.03"]
[SourceVersion "2"]
[SourceVersionDate "2009.09.16"]
[SourceQuality "1"]

1. e4 c5 2. c3 d5 3. exd5 Qxd5 4. d4 Nf6 5. Nf3 Bg4 6. dxc5 Qxd1+ 7. Kxd1 e5 8. b4 Nc6 9. Nbd2 e4 10. h3 exf3 11. hxg4 Nxg4 12. Ne4 fxg2 13. Bxg2 f5 14. f3 Nge5 15. Nf2 0-0-0+ 16. Kc2 Be7 17. f4 Ng6 18. Bd2 Rxd2+ 19. Kxd2 Nxf4 20. Bf1 Bf6 21. Nd3 Nd5 22. Rc1 Bg5+ 23. Kc2 Bxc1 24. Nxc1 Ne3+ 25. Kd3 Nxf1 26. Rxf1 g6 27. Kc4 h5 28. b5 Ne7 29. c6 bxc6 30. bxc6 Nxc6 31. Kd5 Kc7 32. Rg1 Re8 33. Nd3 Rd8+ 34. Kc4 0-1

[Event "Valencia Autonomico-ch U18"]
[Site "Valencia"]
[Date "2009.04.14"]
[Round "2"]
[White "Vieito Ribelles, Ariadna"]
[Black "Orosa Martinez, Victor"]
[Result "1/2-1/2"]
[WhiteElo "1750"]
[BlackElo "2037"]
[PlyCount "41"]
[EventDate "2009.04.14"]
[EventType "swiss"]
[EventRounds "7"]
[EventCountry "ESP"]
[SourceTitle "EXT 2024"]
[Source "ChessBase"]
[SourceDate "2023.10.10"]
[SourceVersion "1"]
[SourceVersionDate "2023.10.10"]
[SourceQuality "1"]

1. e4 c5 2. Nf3 d6 3. d4 cxd4 4. Nxd4 Nf6 5. Nc3 a6 6. Bg5 e6 7. f4 Qb6 8. Nb3 Be7 9. Qd4 Qc7 10. Qf2 Nbd7 11. a4 b6 12. Bd3 Bb7 13. 0-0 h6 14. Bh4 0-0-0 15. Qe2 Nb8 16. Bf2 Rdf8 17. Nd2 g5 18. Nc4 Nbd7 19. Nd2 Nb8 20. Nc4 Nbd7 21. Nd2 1/2-1/2